00762nam a22002417a 450000500170000001000110001702000100002803500110003803700160004904000120006508200160007710000230009324500660011626000420018227000460022430000200027050000200029065000210031065000190033194200250035099900190037595201260039420170124110243.0 a697483 c00.00 a697483 bCen Lib/Ret aDPLbEN a291.46bGUP aGupte, R.S.996356 aIconography of the hindus budhist and jains /bby R.S. Gupte  aBombaybD.B. Taraporevala Sons c1972 bBombaya210 Dr. Dadabhai Naoriji Road e1 a201p.c26cm(Hb) aincludes index  aHinduism 996357 aJainism996358 2ddccENh291.46mGUP c135347d135347 001040718REFaLbLd2015-10-05eCen Lib/Refg0.00l0o291.46 GUPp697483r2015-10-05 00:00:00t1v0.00w2015-10-05yEN